书目信息 |
| 题名: |
体育
|
|
| 作者: | ||
| 分册: | 第五册·试用本 | |
| 出版信息: | 石家庄 河北教育出版社 1990 |
|
| 页数: | 73页 | |
| 开本: | 20cm | |
| 丛书名: | ||
| 单 册: | ||
| 中图分类: | G8 | |
| 科图分类: | ||
| 主题词: | 体育 | |
| 电子资源: | ||
| ISBN: | 7-5434-0807-4 | |
| 000 | 00570nam0 2200229 45 | |
| 001 | 0184005748 | |
| 005 | 20070618100040.89 | |
| 010 | @a7-5434-0807-4@dCNY0.37 | |
| 100 | @a19951027d1990 em y0chiy0121 ea | |
| 101 | 0 | @achi |
| 102 | @aCN@b310000 | |
| 102 | @aCN@b130000 | |
| 105 | @ay z 000yy | |
| 200 | 10 | @a体育@h第五册·试用本 |
| 210 | @a石家庄@c河北教育出版社@d1990@h1991 | |
| 215 | @a73页@d20cm | |
| 300 | @a河北省初级中学课本 | |
| 606 | @a体育 | |
| 690 | @aG8@v3 | |
| 801 | 2 | @aCN@bNLC@c20070618 |
| 801 | 0 | @aCN@bTSSF@c20070618 |
| 905 | @a10447@dG8@e261:5 | |
| 体育.第五册·试用本.-石家庄:河北教育出版社,1990(1991) |
| 73页;20cm |
| 河北省初级中学课本 |
| ISBN 7-5434-0807-4:CNY0.37 |
| ● |
| 相关链接 |
|
|
|
|
正题名:体育
索取号:G8/261:5
 
预约/预借
| 序号 | 登录号 | 条形码 | 馆藏地/架位号 | 状态 | 备注 |
| 1 | 0654642 | 206546424 | 第一样本阅览室/ [索取号:G8/261:5] | 在馆 | |
| 2 | 0654643 | 206546433 | 密集书库/ [索取号:G8/261:5] | 在馆 | |
| 3 | 0654644 | 206546442 | 密集书库/ [索取号:G8/261:5] | 在馆 |